| 000 | 00508nam a22001577a 4500 | ||
|---|---|---|---|
| 008 | 230331b |||||||| |||| 00| 0 eng d | ||
| 040 |
_aNational Science Library _cNational Science Library |
||
| 080 |
_aR 35.08 _bN4 |
||
| 245 |
_aSwamy's complete manual on establishment and administration _c/ Muthuswamy and Brinda |
||
| 260 |
_aMadras: _bSwamy Publishers Ltd., _c1994 |
||
| 300 | _aviii, 944p. | ||
| 650 | _aAdministration | ||
| 653 | _aAge relaxations | ||
| 653 | _aCasual labour | ||
| 942 |
_2udc _cREF |
||
| 999 |
_c17422 _d17422 |
||